Corrosin technology Volum 1 (Record no. 16805)

MARC details
000 -LEADER
fixed length control field 00229nam a22001097a 4500
082 ## - DEWEY DECIMAL CLASSIFICATION NUMBER
Classification number IJA
100 ## - MAIN ENTRY--AUTHOR NAME
Personal name Ijaz Hussain Khan
245 ## - TITLE STATEMENT
Title Corrosin technology Volum 1
260 ## - PUBLICATION, DISTRIBUTION, ETC. (IMPRINT)
Place of publication Lahore
Name of publisher AFAQ
Year of publication 2010
300 ## - PHYSICAL DESCRIPTION
Number of Pages 476
942 ## - ADDED ENTRY ELEMENTS (KOHA)
Koha item type Books
Holdings
Withdrawn status Lost status Home library Current library Date acquired Full call number Accession Number Koha item type
    Central Library, QUEST, Nawabshah Central Library, QUEST, Nawabshah 26/07/2016 IJA D1442 Books